000 00817nas a2200289 4500
001 BR0205661
003 BR-BrBNA
005 20231205103410.0
007 ta
008 230509b bl.|||p| |||| 00| 00por d
040 _aBR-BrBNA
_bpor
_cBiblioteca Nacional de Agricultura
041 _a(Pt)
072 _aH60
100 1 _aRonchi, C.P.
100 1 _aSilva, A.A.
100 1 _aMiranda, G.V.
100 1 _aFerreira, L.R.
100 1 _aTerra, A.A.
245 1 _aMisturas de herbicidas para o controle de plantas daninhas do gênero commelina
650 _aTRAPOERABA
650 _aESTUFA
650 _aHERBICIDA
650 _aSUBSTRATO
773 0 _tPlanta Daninha (Brazil)
_xISSN 0100-8358
_g(2002), v. 20(2) p. 311-318
_wBR0205661
909 _a202311
_bLúcia
_c55
_dLúcia Elande
942 _2AGRIS
_n0
_cANA
999 _c172650
_d172650